Geographie nach Buchstaben - Ä - Statistiken

Allgemein
  • Dieses Quiz wurde 377 mal gespielt
  • Das Durchschnittsergebnis liegt bei 5 aus 8
Antwortstatistiken
Hinweis Antwort % Korrekt
Kleopatras Land Ägypten
98%
Auf halbem Weg zwischen Nord- und Südpol Äquator
92%
Sizilianischer Vulkan Ätna
89%
Von 1930 bis 1974 von Haile Selassie I. regiertes Land Äthiopien
83%
Meer, das die meisten griechischen Inseln enthält {Ägäisches} Meer
69%
Bata, eine afrikanische Hafenstadt, ist die größte Stadt des Landes Äquatorialguinea
64%
Schottlands größter Archipel, auf der Karte dargestellt {Äußere} Hebriden
15%
Sprachgrenze zwischen Rheinfränkisch und Ostfränkisch bezeichnet {Äppel}äquator
7%
Keine übereinstimmenden Quizze gefunden
Verteilung der Resultate
Anzahl Personen mit jedem Resultat
Perzentil nach korrekt beantworteten Fragen
Ihre Resultats-Entwicklung
Sie haben dieses Quiz noch nicht gespielt